Sled racing dogs / by Alicia Z. Klepeis.
Available copies
- 2 of 2 copies available at LARL/NWRL Consortium.
- 1 of 1 copy available at Lake Agassiz Regional Library. (Show preferred library)
Current holds
0 current holds with 2 total copies.
Show Only Available Copies
| Location | Call Number / Copy Notes | Barcode | Shelving Location | Status | Due Date |
|---|---|---|---|---|---|
| McIntosh Public Library | J 798.8 KLE (Text) | 33500013039466 | Main | Available | - |
| Warroad Public Library | j 798.8 KLE (Text) | 35500006199598 | Main | Available | - |
Record details
- ISBN: 9781532117411
- ISBN: 1532117418
- ISBN: 9781641855983
- ISBN: 1641855983
- Physical Description: 32 pages : color illustrations ; 24 cm.
- Publisher: Minneapolis, Minnesota : SportsZone, an imprint of Abdo Publishing, [2019]
- Copyright: 2019
Content descriptions
| Bibliography, etc. Note: | Includes bibliographical resources and index. |
| Summary, etc.: | The title introduces young dog lovers to the sport ... Read More |
Search for related items by subject
| Genre: | Juvenile works. Informational works. |
Search for related items by series
| LDR | 02020cam a2200493Ia 4500 | ||
|---|---|---|---|
| 001 | 315379 | ||
| 003 | LARL_NWRL_CONSORTIUM | ||
| 005 | 20190408202612.0 | ||
| 008 | 180907s2019 mnua 001 0 eng d | ||
| 010 | . | ‡a 2018949089 | |
| 040 | . | ‡aYDX ‡beng ‡cYDX ‡dOCLCQ ‡dHBP ‡dZVO ‡dOCLCF ‡dIHX | |
| 020 | . | ‡a9781532117411 ‡q(library binding) | |
| 020 | . | ‡a1532117418 ‡q(library binding) | |
| 020 | . | ‡a9781641855983 ‡q(paperback) | |
| 020 | . | ‡a1641855983 ‡q(paperback) | |
| 020 | . | ‡z9781532170270 ‡q(ebook) | |
| 035 | . | ‡a(OCoLC)1050620125 | |
| 082 | 0 | 4. | ‡a798.8 ‡223 |
| 100 | 1 | . | ‡aKlepeis, Alicia, ‡d1971- ‡eauthor. ‡0(LARL_NWRL_CONSORTIUM)220803 |
| 245 | 1 | 0. | ‡aSled racing dogs / ‡cby Alicia Z. Klepeis. |
| 264 | 1. | ‡aMinneapolis, Minnesota : ‡bSportsZone, an imprint of Abdo Publishing, ‡c[2019] | |
| 264 | 4. | ‡c2019 | |
| 300 | . | ‡a32 pages : ‡bcolor illustrations ; ‡c24 cm. | |
| 336 | . | ‡atext ‡btxt ‡2rdacontent | |
| 336 | . | ‡astill image ‡bsti ‡2rdacontent | |
| 337 | . | ‡aunmediated ‡bn ‡2rdamedia | |
| 338 | . | ‡avolume ‡2rdacarrier | |
| 490 | 0 | . | ‡aCanine athletes |
| 504 | . | ‡aIncludes bibliographical resources and index. | |
| 520 | . | ‡aThe title introduces young dog lovers to the sport of sled dog racing, history, training and basics of sled dog racing. The title features informative sidebars, exciting photos, and a glossary. Aligned to Common Core standards and correlated to state standards. | |
| 650 | 0. | ‡aDog sports ‡vJuvenile literature. | |
| 650 | 0. | ‡aSled dog racing ‡vJuvenile literature. | |
| 650 | 0. | ‡aDogs ‡xBehavior ‡vJuvenile literature. ‡0(LARL_NWRL_CONSORTIUM)172816 | |
| 650 | 0. | ‡aSled dogs ‡vJuvenile literature. | |
| 650 | 7. | ‡aDog sports. ‡2fast ‡0(LARL_NWRL_CONSORTIUM)37391 | |
| 650 | 7. | ‡aDogs ‡xBehavior. ‡2fast ‡0(LARL_NWRL_CONSORTIUM)168986 | |
| 650 | 7. | ‡aSled dog racing. ‡2fast ‡0(LARL_NWRL_CONSORTIUM)177499 | |
| 650 | 7. | ‡aSled dogs. ‡2fast ‡0(LARL_NWRL_CONSORTIUM)31136 | |
| 655 | 7. | ‡aJuvenile works. ‡2fast | |
| 655 | 7. | ‡aInformational works. ‡2lcgft | |
| 901 | . | ‡a315379 ‡b ‡c315379 ‡tbiblio | |

Add to basket
Permalink
Disable Highlighting